000
00200 a2200097 4500
001
9513
100
_a
Baer, C J
245
_a
Electrical and electronic
260
_a
_b
Odhams
_c
090
_c
7564
_d
7564
942
_a
NUST-CAE
_c
M
_c
34227
999
_c
244586
_d
244586